Siglos de oro de la mayólica (Record no. 10934)
[ view plain ]
| 000 -CABECERA | |
|---|---|
| campo de control de longitud fija | 01494nam a22003017a 4500 |
| 001 - NÚMERO DE CONTROL | |
| campo de control | BRCA_9312 |
| 003 - IDENTIFICADOR DEL NÚMERO DE CONTROL | |
| campo de control | FranzMayer |
| 005 - FECHA Y HORA DE LA ÚLTIMA TRANSACCIÓN | |
| campo de control | 20230918115300.0 |
| 008 - DATOS DE LONGITUD FIJA--INFORMACIÓN GENERAL | |
| campo de control de longitud fija | 230816b |||||||| |||| 00| 0 eng d |
| 020 ## - NÚMERO INTERNACIONAL ESTÁNDAR DEL LIBRO | |
| Número Internacional Estándar del Libro | 8870383881 |
| 040 ## - FUENTE DE LA CATALOGACIÓN | |
| Centro catalogador/agencia de origen | MFM |
| Lengua de catalogación | esp |
| Centro/agencia transcriptor | MFM |
| 050 #0 - SIGNATURA TOPOGRÁFICA DE LA BIBLIOTECA DEL CONGRESO | |
| Número de clasificación | NK4315.I8 |
| Número de documento/Ítem | C46 2002 |
| 110 ## - ENTRADA PRINCIPAL--NOMBRE DE ENTIDAD CORPORATIVA | |
| Código de función/relación | Responsable |
| Nombre de entidad corporativa o nombre de jurisdicción como elemento de entrada | Centro Di |
| 9 (RLIN) | 29023 |
| 240 ## - TÍTULO UNIFORME | |
| Título uniforme | Siglos de oro de la mayólica |
| Medio | Obras de arte de la Galería Nacional de arte antiguo de Roma |
| Lenguaje de la obra | ita/esp |
| 245 1# - MENCIÓN DE TÍTULO | |
| Título | Siglos de oro de la mayólica |
| Resto del título | Obras de arte de la Galería Nacional de arte antiguo de Roma |
| 260 ## - PUBLICACIÓN, DISTRIBUCIÓN, ETC. | |
| Lugar de publicación, distribución, etc. | Roma, Italia |
| Nombre del editor, distribuidor, etc. | Centro Di |
| Fecha de publicación, distribución, etc. | 2002 |
| 300 ## - DESCRIPCIÓN FÍSICA | |
| Extensión | 83 p. |
| Otras características físicas | Ilustraciones a color |
| Dimensiones | 20 cm. |
| 500 ## - NOTA GENERAL | |
| Nota general | Anexo 1 |
| 505 ## - NOTA DE CONTENIDO CON FORMATO | |
| Nota de contenido con formato | Texto en: Italiano y españolIncluye índice temáticoIncluye prefacioDirigido a: historiadores, artistas, museógrafos u otra persona interesada en la historia del arte |
| 630 ## - PUNTO DE ACCESO ADICIONAL DE MATERIA--TÍTULO UNIFORME | |
| Lenguaje de la obra | Italiano |
| Título de la obra | I secoli d'oo della maiolica. Capolavori dalla galleria Nazionale d'arte antica di Roma |
| 9 (RLIN) | 29024 |
| 650 1# - PUNTO DE ACCESO ADICIONAL DE MATERIA--TÉRMINO DE MATERIA | |
| Fuente del encabezamiento o término | Artes decorativas |
| Término de materia o nombre geográfico como elemento de entrada | Artes aplicativas |
| Subdivisión de forma | Decoración y ornamentación |
| 9 (RLIN) | 29025 |
| 651 2# - PUNTO DE ACCESO ADICIONAL DE MATERIA--NOMBRE GEOGRÁFICO | |
| Fuente del encabezamiento o término | Otras artes y artes industriales |
| Nombre geográfico | Mayólica |
| Subdivisión de forma | Mayólica en el Italia antiguo |
| 9 (RLIN) | 29026 |
| 710 ## - PUNTO DE ACCESO ADICIONAL--NOMBRE DE ENTIDAD CORPORATIVA | |
| Código de función/relación | Col. |
| Nombre de entidad corporativa o nombre de jurisdicción como elemento de entrada | Ministero degli Affari Esteri |
| 9 (RLIN) | 29027 |
| 710 ## - PUNTO DE ACCESO ADICIONAL--NOMBRE DE ENTIDAD CORPORATIVA | |
| Código de función/relación | Col. |
| Nombre de entidad corporativa o nombre de jurisdicción como elemento de entrada | Ministero peri Beni e le Attivita Culturali |
| 9 (RLIN) | 29028 |
| 710 ## - PUNTO DE ACCESO ADICIONAL--NOMBRE DE ENTIDAD CORPORATIVA | |
| Código de función/relación | Col. |
| Nombre de entidad corporativa o nombre de jurisdicción como elemento de entrada | Soprintendenza speciale per il Polo Museale romano |
| 9 (RLIN) | 29029 |
| 710 ## - PUNTO DE ACCESO ADICIONAL--NOMBRE DE ENTIDAD CORPORATIVA | |
| Código de función/relación | Col. |
| Nombre de entidad corporativa o nombre de jurisdicción como elemento de entrada | Gallería Nazionale d'arte antica di Palazzo Barberini |
| 9 (RLIN) | 29030 |
| 942 ## - ELEMENTOS DE PUNTO DE ACCESO ADICIONAL (KOHA) | |
| Fuente del sistema de clasificación o colocación | Library of Congress Classification |
| Tipo de ítem Koha | Libros |
| Estado de retiro | Estado de pérdida | Fuente del sistema de clasificación o colocación | Estado dañado | No para préstamo | Código de colección | Localización permanente | Ubicación/localización actual | Fecha de adquisición | Fuente de adquisición | Total de préstamos | Signatura topográfica completa | Código de barras | Fecha visto por última vez | Precio válido a partir de | Tipo de ítem Koha |
|---|---|---|---|---|---|---|---|---|---|---|---|---|---|---|---|
| El ejemplar forma parte de la colección y puede ser consultado según las políticas vigentes. | Library of Congress Classification | Fondo Contemporáneo | Biblioteca del Museo Franz Mayer (Rogerio Casas-Alatriste) | Biblioteca del Museo Franz Mayer (Rogerio Casas-Alatriste) | 16/08/2023 | Donación | NK4315.I8 C46 2002 | CONT10067 | 16/08/2023 | 16/08/2023 | Libros |